Follow that Line: Naked Gun 2 1/2 Quiz Stats

Quiz not verified by Sporcle

Also try: Movie Time II
Challenge
Share
Tweet
Embed
Score 0/18 Timer 06:00
0 Plays Today
% Correct
Awfully big mustache
98.7%
Just remember the two key elements here: one, guns to be thrown down; two, come on out!
96.4%
That's OK. I sometimes go by my maiden name.
96.4%
The Pleasure is all mine
95.6%
Ohh no! I'm not gonna fall for that one!
95.5%
Uhh no not right now Ed
95.3%
Of course... DING DONG! The witch is dead! Which old witch? The wicked witch!
94.9%
Oh sure, maybe not as much as landing on a bicycle with the seat missing, but it hurts!
94.8%
Every time I order out
94.5%
% Correct
It's a painstaking and arduous task that seems to go on and on forever, and just when you think things are going your way, nothing happens.
94.4%
I mean at the time I was dating a lot.
94.3%
Isn't that right Mr. Poopy Pants?
93.2%
You want me to be in your cabinet?
92.9%
Unfortunately no, but I do kiss that way.
92.3%
go into a 7-11 without an interpreter
92%
I want to be here with you
91.6%
I see a lot of familiar facelifts.
90.5%
I love it!
88.5%

You're not logged in!

Compare scores with friends on all Sporcle quizzes.
Sign Up with Email
OR
Log In

You Might Also Like...

Show Comments

Extras

Top Quizzes Today


Score Distribution

Your Account Isn't Verified!

In order to create a playlist on Sporcle, you need to verify the email address you used during registration. Go to your Sporcle Settings to finish the process.